| 000 | 00858nab a2200253 u 4500 | ||
|---|---|---|---|
| 001 | 11471 | ||
| 003 | HDC | ||
| 007 | cr bn ---aaaaa | ||
| 008 | 210207c mydr|nes 0 a may d | ||
| 040 | _aHDC | ||
| 100 |
_aFadilah Baharin, _eauthor _911783 |
||
| 245 | 0 |
_aPastikan juadah Aidilfitri bersih, berkualiti / _cby Fadilah Baharin |
|
| 260 |
_a[no place] : _b[publisher not identified], _c[no year] |
||
| 336 |
_atext _2rdacontent |
||
| 337 |
_acomputer _2rdamedia |
||
| 338 |
_aonline resource _2rdacarrier |
||
| 650 |
_aHalal certificate _9482 |
||
| 650 |
_aHalal food _950 |
||
| 710 | _aBerita Harian Online | ||
| 856 | _zRequest full-text at [email protected] | ||
| 942 | _2lcc | ||
| 942 | _cNEWS | ||
| 942 | _kNWSO 000357 | ||
| 999 |
_c8794 _d8794 |
||